[Event "British Chess Championships 2023: Junior Blitz Open"]
[Site "The Venue, De Montfort University, 20 Western Boulevard, Leicester, LE2 7BU"]
[Date "2023.07.27"]
[Round "3"]
[Board "13"]
[White "Madhavan, Sanjith"]
[Black "Parikh, Naavya"]
[Result "1-0"]
[WhiteElo "1793"]
[BlackElo "1374"]
[PlyCount "0"]
[EventDate "2023.07.27"]
[EventRounds "9"]
[EventCountry "ENG"]

1. Nf3 d5 2. g3 Nf6 3. Bg2 Nc6 4. d4 e6 5. O-O Bd6 6. c4 dxc4 7. Nc3 O-O 8. e4 e5
9. d5 Ne7 10. Qa4 c6 11. dxc6 Nxc6 12. Bg5 Be7 13. Qxc4 Be6 14. Qe2 Qb6 15. Rac1
Rfe8 16. Rfd1 Rad8 17. Bxf6 Bxf6 18. Nd5 Bxd5 19. exd5 Nd4 20. Nxd4 exd4 21. Qd2
Rc8 22. h4 g6 23. h5 Qd8 24. Bf3 Rxc1 25. Qxc1 Qc8 26. Qf4 Bg7 27. Rc1 Qd8 28. Rc7
Be5 29. Qxf7+ Kh8 30. Qxh7#  1-0

[Event "British Chess Championships 2023: Junior Blitz Open"]
[Site "The Venue, De Montfort University, 20 Western Boulevard, Leicester, LE2 7BU"]
[Date "2023.07.27"]
[Round "3"]
[Board "14"]
[White "Aleksandrov, Igor"]
[Black "Marsden, Rupert"]
[Result "1/2-1/2"]
[WhiteElo "1637"]
[BlackElo "1707"]
[PlyCount "0"]
[EventDate "2023.07.27"]
[EventRounds "9"]
[EventCountry "ENG"]

1. d4 Nf6 2. c4 e6 3. Nf3 d5 4. Nc3 Bb4 5. Bg5 O-O 6. e3 Bxc3+ 7. bxc3 b6 8. Bd3
Bb7 9. Qc2 h6 10. Bh4 Nbd7 11. Be2 c5 12. O-O Rc8 13. Qa4 a6 14. Nd2 Qc7 15. Bg3
Qc6 16. Qxc6 Bxc6 17. Rab1 dxc4 18. Nxc4 b5 19. Nd6 Ra8 20. f3 Ne8 21. e4 cxd4 22.
cxd4 Nxd6 23. Bxd6 Rfc8 24. Rfc1 Nb6 25. Rc2 Bb7 26. Rbc1 Na4 27. Rc7 Nb6 28. Kf2
Rd8 29. Rxb7 Rxd6 30. Rcc7 Rf8 31. Ke3 Na4 32. Ra7 Rb6 33. Rab7 Rxb7 34. Rxb7 Rc8
35. Ra7 Rc6 36. Kd2 Nc3 37. a3 Nxe2 38. Kxe2 Rc2+ 39. Kf1 Rc4 40. Rxa6 Rxd4 41. Rb6
Ra4 42. Rxb5 Rxa3 43. Kf2 Ra2+ 44. Kg3 Kh7 45. Rb7 Kg6 46. h3 f5 47. Rb6 Kf6 48.
exf5 Kxf5 49. Rb7 Kf6 50. f4 Ra3+ 51. Kg4 Ra4 52. Rb6 Ra5 53. g3  1/2-1/2

[Event "British Chess Championships 2023: Junior Blitz Open"]
[Site "The Venue, De Montfort University, 20 Western Boulevard, Leicester, LE2 7BU"]
[Date "2023.07.27"]
[Round "3"]
[Board "15"]
[White "Nawalaniec, Adam"]
[Black "Verbytski, Oleg"]
[Result "1-0"]
[WhiteElo "1614"]
[BlackElo "1727"]
[PlyCount "0"]
[EventDate "2023.07.27"]
[EventRounds "9"]
[EventCountry "ENG"]

1. e4 c5 2. Nf3 d6 3. d4 cxd4 4. Nxd4 Nf6 5. Nc3 a6 6. Be3 e6 7. Be2 Be7 8. f3 b5
9. a3 Bb7 10. O-O Nc6 11. Qd2 O-O 12. Rfc1 Rc8 13. Nd1 d5 14. Nxc6 Bxc6 15. e5 Nd7
16. f4 Nc5 17. Nf2 Bb7 18. b4 Nd7 19. c3 Nb6 20. Bd4 Qc7 21. Bd3 Nc4 22. Qe2 Qd7
23. Ng4 Rfe8 24. Rf1 Bf8 25. Rf3 h5 26. Nf6+ gxf6 27. Rg3+ Bg7 28. exf6 Kf8 29. Rxg7
e5 30. Qxh5 exd4 31. Qh8#  1-0

[Event "British Chess Championships 2023: Junior Blitz Open"]
[Site "The Venue, De Montfort University, 20 Western Boulevard, Leicester, LE2 7BU"]
[Date "2023.07.27"]
[Round "3"]
[Board "16"]
[White "Humphreys, Benjamin"]
[Black "Gadiot, Ashton"]
[Result "1-0"]
[WhiteElo "1723"]
[BlackElo "1227"]
[PlyCount "0"]
[EventDate "2023.07.27"]
[EventRounds "9"]
[EventCountry "ENG"]

1. e4 d5 2. exd5 Nf6 3. Nf3 Nxd5 4. d4 g6 5. c4 Nf6 6. Nc3 Bg7 7. Be2 O-O 8. O-O
Nbd7 9. Re1 e6 10. Bf1 c5 11. d5 exd5 12. cxd5 a6 13. a4 Nb6 14. d6 Bg4 15. h3 Bxf3
16. Qxf3 Qxd6 17. Qxb7 Rfb8 18. Qf3 Re8 19. Bf4 Qd7 20. Rad1 Qf5 21. a5 Nh5 22. Qc6
Rec8 23. Bc7 Bxc3 24. bxc3 Qf6 25. Qxf6 Nxf6 26. axb6 a5 27. b7 Rxc7 28. bxa8=Q+
Kg7 29. Rd8 h5 30. Qxa5 Rb7 31. Qxc5 Rb2 32. Qf8+ Kh7 33. Qh8#  1-0

[Event "British Chess Championships 2023: Junior Blitz Open"]
[Site "The Venue, De Montfort University, 20 Western Boulevard, Leicester, LE2 7BU"]
[Date "2023.07.27"]
[Round "3"]
[Board "17"]
[White "Kumar, Sachin"]
[Black "Zhao, George"]
[Result "0-1"]
[WhiteElo "1608"]
[BlackElo "1720"]
[PlyCount "0"]
[EventDate "2023.07.27"]
[EventRounds "9"]
[EventCountry "ENG"]

1. e4 e6 2. d4 d5 3. exd5 exd5 4. Nf3 Bd6 5. Bd3 Bg4 6. Qe2+ Ne7 7. c3 Nbc6 8. Be3
Qd7 9. Nbd2 f6 10. h3 Be6 11. Nb3 O-O-O 12. O-O-O Bf5 13. Qc2 Bxd3 14. Qxd3 Nf5 15.
Kb1 Nxe3 16. fxe3 g5 17. Nbd2 Rhe8 18. e4 dxe4 19. Nxe4 Be7 20. Rhf1 h5 21. Rfe1
g4 22. hxg4 hxg4 23. Nfd2 f5 24. Nf2 Bg5 25. Nc4 f4 26. Ne4 Be7 27. Nf2 g3 28. Ne4
Kb8 29. Ncd2 Ne5 30. Qe2 Ng6 31. Qf3 Qf5 32. Ka1 Nh4 33. Qf1 Bf8 34. Qh1 Qg4 35.
Nf3 Nxf3 36. gxf3 Qg6 37. Qg2 Bg7 38. Rh1 Rh8 39. a3 a6 40. Ka2 Qf7+ 41. Ka1 Rxh1
42. Rxh1 Rh8 43. Rxh8+ Bxh8 44. Ng5 Qe7 45. Ne4 Qh4 46. Kb1 Qh7 47. Kc1 Bf6 48. Nxf6
Qh2 49. Qf1 g2 50. Qd1 g1=Q 51. Nd7+ Kc8 52. Nb6+ cxb6 53. b4 Qxd1+ 54. Kxd1 Qg1+
55. Kc2 Qe3 56. Kb3 Qxf3 57. b5 a5 58. a4 Qd1+ 59. Kc4 f3 60. d5 f2 61. d6 Qxa4+
62. Kd5 f1=Q 63. d7+ Kd8 64. c4 Qfxc4+ 65. Ke5 Qaxb5+ 66. Kf6 Qbc6+ 67. Kg7 Qxd7+
68. Kf6 Qce6+ 69. Kg5 Qf5+ 70. Kh6 Qdh7#  0-1

[Event "British Chess Championships 2023: Junior Blitz Open"]
[Site "The Venue, De Montfort University, 20 Western Boulevard, Leicester, LE2 7BU"]
[Date "2023.07.27"]
[Round "3"]
[Board "18"]
[White "Sisupalan, Beni"]
[Black "Whelan, Joseph"]
[Result "1-0"]
[WhiteElo "1585"]
[BlackElo "1675"]
[PlyCount "0"]
[EventDate "2023.07.27"]
[EventRounds "9"]
[EventCountry "ENG"]

1. e4 e6 2. d4 d5 3. e5 c5 4. c3 Nc6 5. Nf3 Qb6 6. Bd3 Bd7 7. Bc2 cxd4 8. cxd4 Rc8
9. a3 Na5 10. Nc3 Bb5 11. Nxb5 Rxc2 12. Qxc2 Qxb5 13. Bg5 Qc6 14. Qxc6+ Nxc6 15.
O-O Be7 16. Bxe7 Ngxe7 17. Rac1 a5 18. Rc5 Kd7 19. Rfc1 Nf5 20. g4 Nfxd4 21. Nxd4
Nxd4 22. Rc7+ Kd8 23. Rc8+ Kd7 24. R1c7#  1-0

[Event "British Chess Championships 2023: Junior Blitz Open"]
[Site "The Venue, De Montfort University, 20 Western Boulevard, Leicester, LE2 7BU"]
[Date "2023.07.27"]
[Round "3"]
[Board "19"]
[White "Wang, Yuan Ya"]
[Black "Sharma, Josh"]
[Result "0-1"]
[WhiteElo "1130"]
[BlackElo "1663"]
[PlyCount "0"]
[EventDate "2023.07.27"]
[EventRounds "9"]
[EventCountry "ENG"]

1. e4 e5 2. Nf3 Nc6 3. Bc4 Nf6 4. Ng5 Bc5 5. Nxf7 Bxf2+ 6. Kxf2 Nxe4+ 7. Ke1 Qh4+
8. g3 Nxg3 9. hxg3 Qxh1+ 10. Ke2 Qg2+ 11. Ke1 Qxg3+ 12. Kf1 Rf8 13. d3 d5 14. Bxd5
Bh3+ 15. Bg2 Bxg2+ 16. Ke2 Bf3+ 17. Kd2 Qf4+ 18. Kc3 Qb4#  0-1

[Event "British Chess Championships 2023: Junior Blitz Open"]
[Site "The Venue, De Montfort University, 20 Western Boulevard, Leicester, LE2 7BU"]
[Date "2023.07.27"]
[Round "3"]
[Board "20"]
[White "Bates, Hubert"]
[Black "Mittal, Aditya"]
[Result "0-1"]
[WhiteElo "1424"]
[BlackElo "1737"]
[PlyCount "0"]
[EventDate "2023.07.27"]
[EventRounds "9"]
[EventCountry "ENG"]

1. e4 e6 2. d4 d5 3. e5 c5 4. c3 Qb6 5. Nf3 Bd7 6. Be2 Bb5 7. Bxb5+ Qxb5 8. Na3 Qa6
9. dxc5 Bxc5 10. b4 Be7 11. Nd4 Qb6 12. Be3 Bxb4 13. cxb4 Qxb4+ 14. Qd2 Qxa3 15.
O-O Nc6 16. Nxc6 bxc6 17. Rac1 Ne7 18. Bc5 Qa4 19. Bxe7 Kxe7 20. Qg5+ Kd7 21. Qxg7
Raf8 22. Qf6 Rhg8 23. Rb1 Qa6 24. Qf3 Rg6 25. Qc3 Rc8 26. Rb2 Qc4 27. Qxc4 dxc4 28.
Rd1+ Kc7 29. Rc2 Rg5 30. f4 Rf5 31. g3 f6 32. exf6 Rxf6 33. Rxc4 Rb8 34. Rdc1 Rb6
35. Kg2 Kd6 36. Rd1+ Ke7 37. Rdc1 Kd7 38. R4c3 Rf5 39. Kf3 Rd5 40. Re3 Rb2 41. Rce1
Rd6 42. Ra3 Rb7 43. Re2 c5 44. Rc3 Rc7 45. Re5 c4 46. Rh5 Kd8 47. Re5 Ke7 48. Ree3
Kf6 49. g4 Kg6 50. h4 Kf5 51. g5 Kg6 52. Re5 Kf7 53. Ree3 Rd2 54. Ra3 Rc2 55. Rec3
Rd2 56. Re3 Rc2 57. Rec3 Rd2 58. Re3 Rd4 59. Rac3 Rcd7 60. Re2 a5 61. Ra3 Rd3+ 62.
Re3 Rd2 63. Rxa5 Rc7 64. Rae5 c3 65. Re1  0-1

[Event "British Chess Championships 2023: Junior Blitz Open"]
[Site "The Venue, De Montfort University, 20 Western Boulevard, Leicester, LE2 7BU"]
[Date "2023.07.27"]
[Round "3"]
[Board "21"]
[White "Rastogi, Nayan Keats"]
[Black "Leung, Hao Ran"]
[Result "1-0"]
[WhiteElo "1434"]
[BlackElo "1432"]
[PlyCount "0"]
[EventDate "2023.07.27"]
[EventRounds "9"]
[EventCountry "ENG"]

1. e4 c6 2. d4 d5 3. e5 Bf5 4. Nc3 e6 5. g4 Bg6 6. Nge2 h6 7. Be3 Nd7 8. Nf4 Ne7
9. Nxg6 Nxg6 10. Bd3 Ne7 11. f4 c5 12. f5 cxd4 13. Bxd4 exf5 14. gxf5 a6 15. f6 Nc6
16. Bf5 gxf6 17. Bxd7+ Qxd7 18. exf6 Bb4 19. Qe2+ Kd8 20. Bb6+ Kc8 21. O-O-O Bxc3
22. bxc3 Qe6 23. Qxe6+ fxe6 24. f7 Rf8 25. Rhf1 Nd8 26. Rf6 Kd7 27. Rdf1 Ke7 28.
Bc5+ Kd7 29. Bxf8  1-0

[Event "British Chess Championships 2023: Junior Blitz Open"]
[Site "The Venue, De Montfort University, 20 Western Boulevard, Leicester, LE2 7BU"]
[Date "2023.07.27"]
[Round "3"]
[Board "22"]
[White "Sasikumar, Srivathsan"]
[Black "Thomas, James"]
[Result "1-0"]
[WhiteElo "1787"]
[BlackElo "1616"]
[PlyCount "0"]
[EventDate "2023.07.27"]
[EventRounds "9"]
[EventCountry "ENG"]

1. e4 e6 2. d4 d5 3. Be3 dxe4 4. Nd2 Nf6 5. c3 Be7 6. Qc2 O-O 7. Nxe4 Nbd7 8. Bd3
Nxe4 9. Bxe4 Nf6 10. Bd3 b6 11. Nf3 Bb7 12. Qe2 h6 13. O-O Rc8 14. Rac1 c5 15. Rfd1
Nd5 16. dxc5 Nxe3 17. Qxe3 Bxc5 18. Qe2 Qe7 19. b4 Bd6 20. h3 Bf4 21. Rc2 Rfd8 22.
g3 Bb8 23. Rcd2 Kh8 24. Be4 Bxe4 25. Rxd8+ Rxd8 26. Rxd8+ Qxd8 27. Qxe4 Qf6 28. Qa8
Kh7 29. Qxb8 Qxf3 30. Qxa7 Qd1+ 31. Kh2 Qd2 32. Qxb6 Qxa2 33. b5 Qd2 34. Qd4 Qb2
35. b6 g6 36. Qe3 Kg7 37. c4 Qb4 38. c5 Qb5 39. Qe5+ Kh7 40. Qc7 Qe2 41. Qxf7+ Kh8
42. Qf8+ Kh7 43. b7  1-0

[Event "British Chess Championships 2023: Junior Blitz Open"]
[Site "The Venue, De Montfort University, 20 Western Boulevard, Leicester, LE2 7BU"]
[Date "2023.07.27"]
[Round "3"]
[Board "23"]
[White "Kumar, Arnav"]
[Black "Burnton, Joshua"]
[Result "0-1"]
[WhiteElo "1526"]
[BlackElo "1733"]
[PlyCount "0"]
[EventDate "2023.07.27"]
[EventRounds "9"]
[EventCountry "ENG"]

1. e4 e5 2. Nf3 Nc6 3. Bb5 a6 4. Ba4 Nf6 5. O-O Be7 6. Re1 b5 7. Bb3 O-O 8. d4 d6
9. d5 Na5 10. c3 Nxb3 11. Qxb3 Rb8 12. Bg5 Nd7 13. Bxe7 Qxe7 14. Nbd2 Nc5 15. Qc2
f5 16. Rad1 fxe4 17. Nxe4 Bf5 18. Nfd2 Qh4 19. g3 Qh3 20. b4 Nxe4 21. Nxe4 Bg4 22.
Nd2 Bxd1 23. Qxd1 Rf7 24. Ne4 Qf5 25. Qe2 Rbf8 26. Rf1 Qf3 27. Qc2 Rf5 28. Nd2 Qh5
29. Qe4 Qf7 30. Qe2 Qxd5 31. f3 c5 32. Ne4 cxb4 33. cxb4 Qd4+ 34. Kh1 Qxb4 35. Qd3
Qd4 36. Qb3+ d5 37. Nd6 R5f6 38. Ne4 Rc6 39. Ng5 h6 40. Nh3 Rc3 41. Qb1 Rcxf3 42.
Rd1 Qe4 43. Qxe4 dxe4 44. Kg2 Rd3 45. Re1 Rd2+ 46. Kh1 Rxa2 47. Rxe4 Rf1+ 48. Ng1
Raa1 49. h4 Rxg1+ 50. Kh2 Rgc1 51. Rxe5 Rc2+ 52. Kh3 Kh7 53. Re3 h5 54. g4 hxg4+
55. Kxg4 Rc4+ 56. Kg3 Rac1 57. Kf2 R1c2+ 58. Ke1 Rxh4 59. Kd1 Ra2 60. Re1 Ra1+ 61.
Kd2 Rh2+ 62. Re2 Ra2+ 63. Kd3 Raxe2 64. Kc3 Re4 65. Kd3 Rc4 66. Ke3 Rh3+ 67. Kd2
Ra3 68. Ke2 Rc2+ 69. Kd1 Rh2 70. Kc1 Ra1#  0-1

[Event "British Chess Championships 2023: Junior Blitz Open"]
[Site "The Venue, De Montfort University, 20 Western Boulevard, Leicester, LE2 7BU"]
[Date "2023.07.27"]
[Round "3"]
[Board "24"]
[White "Calvert, George"]
[Black "Xu, Jiarui"]
[Result "0-1"]
[WhiteElo "1536"]
[BlackElo "1400"]
[PlyCount "0"]
[EventDate "2023.07.27"]
[EventRounds "9"]
[EventCountry "ENG"]

1. e4 e5 2. Nf3 Nc6 3. Nc3 d6 4. h3 Nf6 5. Bc4 h6 6. O-O Be7 7. d3 O-O 8. Be3 Bd7
9. Qd2 Re8 10. Rfe1 Bf8 11. Rad1 Ne7 12. d4 exd4 13. Nxd4 Ng6 14. Nf5 Bxf5 15. exf5
Ne5 16. Bb3 Qd7 17. f4 Nc6 18. Qd3 Rad8 19. Nd5 Nxd5 20. Bxd5 Nb4 21. Qd2 Nxd5 22.
Qxd5 c6 23. Qd3 d5 24. c4 f6 25. cxd5 Qxd5 26. Qc2 Qxa2 27. Bd4 a6 28. Bb6 Rxd1 29.
Rxd1 Qf7 30. Kh2 Qe7 31. Qb3+ Kh8 32. Qc2 Qe4 33. Qf2 Qxf5 34. Rd2 Qb5 35. Rd7 Re2
36. Qd4 Qxb2 37. Qxb2 Rxb2 38. Rd8 Rxb6 39. Rxf8+ Kh7 40. Rc8 a5 41. Ra8 Rb5 42.
Ra7 b6 43. Rc7 c5 44. Rc6 a4 45. Rc7 a3 46. Ra7 Rb3 47. Ra6 b5 48. Ra5 c4 49. Kg1
c3 50. Kh2 c2 51. Ra6 c1=Q 52. Rd6 Qxf4+ 53. Kg1 Rb1+  0-1

[Event "British Chess Championships 2023: Junior Blitz Open"]
[Site "The Venue, De Montfort University, 20 Western Boulevard, Leicester, LE2 7BU"]
[Date "2023.07.27"]
[Round "3"]
[Board "25"]
[White "Vaidyanathan, Sathya"]
[Black "Pai, Aditya"]
[Result "1/2-1/2"]
[WhiteElo "1635"]
[BlackElo "1338"]
[PlyCount "0"]
[EventDate "2023.07.27"]
[EventRounds "9"]
[EventCountry "ENG"]

1. b4 d5 2. Bb2 Nf6 3. a3 e6 4. e3 c5 5. c3 Nc6 6. Nf3 Be7 7. d4 cxb4 8. cxb4 Bd7
9. Nc3 a6 10. Bd3 O-O 11. O-O Rc8 12. Rc1 Bd6 13. h3 Re8 14. Ne2 Qe7 15. Qd2 Na7
16. Rfd1 Bb5 17. Bxb5 Nxb5 18. Nc3 Nxc3 19. Bxc3 Ne4 20. Qb2 Nxc3 21. Rxc3 Qd7 22.
Rdc1 Rxc3 23. Rxc3 Rc8 24. Qc2 Rxc3 25. Qxc3 Qc6 26. Qxc6 bxc6 27. Ne1 Kf8 28. Kf1
Ke8 29. Ke2 Kd7 30. Kd3 Kc7 31. Kc3 Kb6 32. Nc2 g5 33. g4 f5 34. f3 f4 35. exf4 Bxf4
36. Kb3 Kc7 37. Ka4 Kb6 38. Kb3 Kc7 39. Ka4 Kb6  1/2-1/2

[Event "British Chess Championships 2023: Junior Blitz Open"]
[Site "The Venue, De Montfort University, 20 Western Boulevard, Leicester, LE2 7BU"]
[Date "2023.07.27"]
[Round "4"]
[Board "1"]
[White "Badacsonyi, Stanley"]
[Black "Cancedda-Dupuis, Livio"]
[Result "1/2-1/2"]
[WhiteElo "2231"]
[BlackElo "1862"]
[PlyCount "0"]
[EventDate "2023.07.27"]
[EventRounds "9"]
[EventCountry "ENG"]

1. d4 Nf6 2. Bg5 d5 3. Nd2 e6 4. e3 c5 5. c3 Nc6 6. Ngf3 cxd4 7. exd4 Be7 8. Bd3
h6 9. Bh4 O-O 10. O-O Nd7 11. Bg3 f5 12. h3 Nf6 13. Ne5 Ne4 14. Bxe4 fxe4 15. Ng6
Rf6 16. Nxe7+ Qxe7 17. Qe2 Bd7 18. f3 exf3 19. Nxf3 Qf7 20. Ne5 Nxe5 21. Bxe5 Rxf1+
22. Rxf1 Qe7 23. Rf3 Rf8 24. Rg3 Rf7 25. Qe3 Qh4 26. Rg4 Qh5 27. Qg3 g5 28. h4 Rf5
29. hxg5 Rxg5 30. Rxg5+ Qxg5 31. Qxg5+ hxg5 32. Bf6 g4 33. Kf2 Kf7 34. Be5 Kg6 35.
Kg3 Kf5 36. b3 Bb5 37. a4 Bd3  1/2-1/2

[Event "British Chess Championships 2023: Junior Blitz Open"]
[Site "The Venue, De Montfort University, 20 Western Boulevard, Leicester, LE2 7BU"]
[Date "2023.07.27"]
[Round "4"]
[Board "2"]
[White "Zhu, Pengxiao"]
[Black "Mathur, Pranav"]
[Result "1-0"]
[WhiteElo "1759"]
[BlackElo "2026"]
[PlyCount "0"]
[EventDate "2023.07.27"]
[EventRounds "9"]
[EventCountry "ENG"]

1. d4 Nf6 2. c4 e6 3. Nc3 Bb4 4. Qc2 O-O 5. e4 d5 6. e5 Ne4 7. Bd3 f5 8. cxd5 exd5
9. Nge2 c6 10. O-O a5 11. f3 Ng5 12. a3 Be7 13. Ng3 g6 14. Bd2 Qb6 15. Nge2 Na6 16.
Kh1 Ne6 17. Be3 Bd7 18. Rad1 Rac8 19. Qd2 Rfe8 20. Rc1 Nac7 21. Na4 Qa7 22. Nc5 Nxc5
23. dxc5 Ne6 24. b4 Rcd8 25. f4 Bf8 26. Nd4 Bh6 27. Nxe6 Bxe6 28. Bd4 Ra8 29. b5
Bf8 30. b6 Qb8 31. Bb2 Qd8 32. Bd4 Qe7 33. a4 Qg7 34. Rce1 Be7 35. Qf2 h6 36. Qg3
Kh7 37. Re2 Qf8 38. Ref2 Bxc5 39. Bxc5 Qxc5 40. Rb2 Rg8 41. Qf3 Rad8 42. Qe2 Qe7
43. Qd2 Ra8 44. Qc2 Qf7 45. Rbb1 Rgf8 46. Rbe1 Qe7 47. Qf2 Qb4 48. Qc2 Qxb6 49. Rb1
Qc7 50. Rb2 Rfb8 51. Rc1 Kg7 52. Qc5 Kf7 53. Qd4 Qe7 54. Rb6 Bd7 55. Qe3 Be6 56.
Rcb1 Qd7 57. Qd2 d4 58. Qb2 Ra7 59. Qd2 Rba8 60. Qb2 Qd5 61. Rxb7+ Rxb7 62. Qxb7+
Kg8 63. Qxa8+  1-0

[Event "British Chess Championships 2023: Junior Blitz Open"]
[Site "The Venue, De Montfort University, 20 Western Boulevard, Leicester, LE2 7BU"]
[Date "2023.07.27"]
[Round "4"]
[Board "3"]
[White "Dayal, Samar"]
[Black "Yu, Rock"]
[Result "1-0"]
[WhiteElo "1400"]
[BlackElo "1637"]
[PlyCount "0"]
[EventDate "2023.07.27"]
[EventRounds "9"]
[EventCountry "ENG"]

1. e4 Nf6 2. e5 Nd5 3. d4 d6 4. f4 dxe5 5. fxe5 Nc6 6. Nf3 Bg4 7. c3 e6 8. Bd3 Be7
9. O-O O-O 10. h3 Bxf3 11. Qxf3 f6 12. Qh5 f5 13. Nd2 g6 14. Qe2 Bg5 15. Nf3 Bxc1
16. Raxc1 Kg7 17. Qd2 Qe7 18. Kh2 Rad8 19. a4 h6 20. b4 a6 21. b5 axb5 22. axb5 Na5
23. Qa2 b6 24. Rfd1 Ra8 25. c4 Nb4 26. Qb2 Nxd3 27. Rxd3 Rfd8 28. d5 Nb7 29. Nd4
Nc5 30. Rd2 Qg5 31. Nc6 Rd7 32. Rcd1 Ne4 33. Rd4 Qg3+ 34. Kg1 Qxe5 35. Nxe5  1-0

[Event "British Chess Championships 2023: Junior Blitz Open"]
[Site "The Venue, De Montfort University, 20 Western Boulevard, Leicester, LE2 7BU"]
[Date "2023.07.27"]
[Round "4"]
[Board "4"]
[White "Kothari, Jai"]
[Black "Madhavan, Sanjith"]
[Result "1-0"]
[WhiteElo "1951"]
[BlackElo "1793"]
[PlyCount "0"]
[EventDate "2023.07.27"]
[EventRounds "9"]
[EventCountry "ENG"]

1. e4 c6 2. d4 d5 3. exd5 cxd5 4. Bd3 Nc6 5. c3 Qc7 6. Ne2 Bg4 7. O-O Nf6 8. Bg5
e6 9. Qe1 Be7 10. f3 Bh5 11. Nf4 Bg6 12. Nd2 Bd6 13. Qh4 O-O 14. Bxg6 hxg6 15. Nd3
Nh7 16. Be3 b5 17. f4 b4 18. Rf3 Be7 19. Qg4 Nf6 20. Qg3 Ne4 21. Qe1 bxc3 22. bxc3
f5 23. Rf1 Rfc8 24. Nxe4 dxe4 25. Ne5 Nxe5 26. fxe5 Qxc3 27. Qg3 g5 28. Rac1 Qd3
29. Rcd1 Qa3 30. Qh3 g4 31. Qg3 Kf7 32. d5 exd5 33. Rxf5+ Ke6 34. Qxg4 Qxe3+ 35.
Kh1 Qc5 36. Rdf1 Kd7 37. Rf7+ Kd8 38. Qxg7 a5 39. h3 Ra7 40. Rf8+ Bxf8 41. Rxf8+
Qxf8 42. Qxf8+ Kc7 43. Qd6+ Kb6 44. Qxd5 Rac7 45. Qxe4 Rc1+ 46. Kh2 R8c4 47. Qe3+
Kb5 48. e6 Rc8 49. e7 Re8 50. Qb3+ Ka6 51. Qd3+ Kb6 52. Qe3+  1-0

[Event "British Chess Championships 2023: Junior Blitz Open"]
[Site "The Venue, De Montfort University, 20 Western Boulevard, Leicester, LE2 7BU"]
[Date "2023.07.27"]
[Round "4"]
[Board "5"]
[White "Han, Yichen"]
[Black "Buckland, Louis"]
[Result "1-0"]
[WhiteElo "2355"]
[BlackElo "1651"]
[PlyCount "0"]
[EventDate "2023.07.27"]
[EventRounds "9"]
[EventCountry "ENG"]

1. Nf3 d5 2. g3 Nf6 3. Bg2 c5 4. d4 e6 5. c4 dxc4 6. O-O Be7 7. dxc5 Qxd1 8. Rxd1
Bxc5 9. Nbd2 O-O 10. Nxc4 Nc6 11. Nfe5 Nxe5 12. Nxe5 Nd5 13. Bxd5 exd5 14. Rxd5 b6
15. Nd7 Bxd7 16. Rxd7 Rfd8 17. Rxd8+ Rxd8 18. Bf4 h6 19. h4 Kf8 20. Rc1 a5 21. Kg2
Ke7 22. Kf3 Kf6 23. Rc2 g5 24. Bd2 gxh4 25. gxh4 Kg6 26. Bf4 f6 27. Rc1 Kf7 28. h5
Rd5 29. Rh1 Bd4 30. b3 Kg7 31. Rg1+ Kh7 32. Rd1 Rd8  1-0

[Event "British Chess Championships 2023: Junior Blitz Open"]
[Site "The Venue, De Montfort University, 20 Western Boulevard, Leicester, LE2 7BU"]
[Date "2023.07.27"]
[Round "4"]
[Board "6"]
[White "Patel, Zain"]
[Black "Nawalaniec, Adam"]
[Result "0-1"]
[WhiteElo "1919"]
[BlackElo "1614"]
[PlyCount "0"]
[EventDate "2023.07.27"]
[EventRounds "9"]
[EventCountry "ENG"]

1. d4 Nf6 2. Nf3 d5 3. c4 e6 4. Nc3 Be7 5. Bg5 O-O 6. e3 h6 7. Bh4 b6 8. Qc2 Bb7
9. Bxf6 Bxf6 10. cxd5 exd5 11. Bd3 Nd7 12. O-O c5 13. Rad1 cxd4 14. exd4 Rc8 15.
Rfe1 Qc7 16. Qb1 Rfe8 17. Nb5 Qb8 18. Bf5 Rxe1+ 19. Rxe1 Bc6 20. Nc3 Qd6 21. Ne5
g6 22. Bxg6 Bxe5 23. Bh7+ Kg7 24. dxe5 Nxe5 25. Qf5 Re8 26. Rd1 d4 27. Ne4 Qd7 28.
Nf6 Qxf5 29. Nxe8+ Kxh7  0-1

[Event "British Chess Championships 2023: Junior Blitz Open"]
[Site "The Venue, De Montfort University, 20 Western Boulevard, Leicester, LE2 7BU"]
[Date "2023.07.27"]
[Round "4"]
[Board "7"]
[White "Banerjee, Supratit"]
[Black "Pert, Max P"]
[Result "1-0"]
[WhiteElo "1918"]
[BlackElo "1614"]
[PlyCount "0"]
[EventDate "2023.07.27"]
[EventRounds "9"]
[EventCountry "ENG"]

1. e4 c6 2. d4 d5 3. Nd2 dxe4 4. Nxe4 Nf6 5. Nxf6+ exf6 6. c3 Bd6 7. Bd3 O-O 8. Ne2
Re8 9. O-O Nd7 10. Be3 Nf8 11. Ng3 Qc7 12. Qc2 Ng6 13. Rfe1 Bd7 14. a3 a6 15. c4
b5 16. c5 Bf4 17. Bf5 Be6 18. Be4 Rad8 19. Rad1 Bd5 20. Bxd5 cxd5 21. b4 Nf8 22.
Nf5 Ne6 23. Bxf4 Qxf4 24. g3 Nxd4 25. Rxe8+ Rxe8 26. Nxd4 Qc7 27. Qd2 g6 28. Re1
Rd8 29. Qe3 Kg7 30. Qe7 Rd7 31. Ne6+  1-0

[Event "British Chess Championships 2023: Junior Blitz Open"]
[Site "The Venue, De Montfort University, 20 Western Boulevard, Leicester, LE2 7BU"]
[Date "2023.07.27"]
[Round "4"]
[Board "8"]
[White "Li, Xiaofan"]
[Black "Lebedev, Lion"]
[Result "1/2-1/2"]
[WhiteElo "1673"]
[BlackElo "1865"]
[PlyCount "0"]
[EventDate "2023.07.27"]
[EventRounds "9"]
[EventCountry "ENG"]

1. e4 e5 2. Nf3 Nc6 3. Bc4 Bc5 4. c3 Nf6 5. d4 exd4 6. e5 d5 7. Bb5 Ne4 8. cxd4 Bb6
9. O-O O-O 10. Nc3 Nxc3 11. bxc3 Ne7 12. h3 c6 13. Bd3 Be6 14. Ng5 h6 15. Nxe6 fxe6
16. Qg4 Nf5 17. Re1 Kh8 18. Qg6 Qe8 19. Qg4 Qf7 20. Bd2 Rae8 21. Qe2 Nxd4 22. cxd4
Bxd4 23. Rab1 Bxf2+ 24. Kh1 Bxe1 25. Rxe1 Qf2 26. Qd1 c5 27. Bb1 Re7 28. Be3 Qg3
29. Bxc5 Ref7 30. Bxf8 Rxf8 31. Rf1 Rf4 32. Rxf4 Qxf4 33. Qd3 Qc1+ 34. Kh2 Qf4+ 35.
Kg1 Qc1+ 36. Kf2 Qf4+ 37. Kg1 Qc1+ 38. Kh2 Qf4+ 39. g3 Qf2+ 40. Kh1 Kg8 41. Qh7+
Kf8 42. Qd3 Kg8 43. Qh7+ Kf8  1/2-1/2

[Event "British Chess Championships 2023: Junior Blitz Open"]
[Site "The Venue, De Montfort University, 20 Western Boulevard, Leicester, LE2 7BU"]
[Date "2023.07.27"]
[Round "4"]
[Board "9"]
[White "Sharma, Josh"]
[Black "Humphreys, Benjamin"]
[Result "0-1"]
[WhiteElo "1663"]
[BlackElo "1723"]
[PlyCount "0"]
[EventDate "2023.07.27"]
[EventRounds "9"]
[EventCountry "ENG"]

1. d4 Nf6 2. Nc3 d5 3. Bf4 g6 4. e3 Bg7 5. h4 h5 6. Nf3 c6 7. Be2 Nbd7 8. Ne5 Ne4
9. Nxe4 Nxe5 10. dxe5 dxe4 11. Qxd8+ Kxd8 12. O-O-O+ Ke8 13. f3 exf3 14. gxf3 Be6
15. a3 Rd8 16. Rxd8+ Kxd8 17. Kd2 Kc7 18. Kc3 Kb6 19. Rd1 f6 20. e4 fxe5 21. Be3+
Kc7 22. Bc5 Bf6 23. Bf2 b6 24. Bg3 Rd8 25. Rxd8 Kxd8 26. Bc4 Bxc4 27. Kxc4 Kd7 28.
b4 b5+ 29. Kd3 Kd6 30. c4 e6 31. c5+ Kd7 32. Kc3 Ke7 33. Kd3 a6 34. Ke3 g5 35. Ke2
gxh4 36. Bh2 Kf7 37. Kf2 Kg6 38. Kg2 Bg5 39. Bxe5 Bf6 40. Bd6 Bb2 41. Bc7 Bxa3 42.
Ba5 Kg5 43. Kh3 e5 44. Kg2 Kf4 45. Kh3 Kxf3 46. Kxh4 Kxe4 47. Kxh5 Kd3 48. Kg4 e4
 0-1